Možnosti úspor v cloude

Analýza možnosti úspor v cloude. Cloudové systémy sú služby založené na hardvéri, ktoré ponúkajú výpočtové, sieťové a úložné kapacity.

Uložené v:
Podrobná bibliografia
Hlavný autor: Potisková, Ingrid
Médium: Kapitola
Jazyk:Slovak
Predmet:
Tagy: Pridať tag
Žiadne tagy, Buďte prvý, kto otaguje tento záznam!

MARC

LEADER 00000nla a2200000 4500
001 0240024
005 20240502073907.5
041 0 |a slo 
044 |a SK 
245 1 0 |a Možnosti úspor v cloude  |c Ingrid Potisková 
520 |a Analýza možnosti úspor v cloude. Cloudové systémy sú služby založené na hardvéri, ktoré ponúkajú výpočtové, sieťové a úložné kapacity. 
610 2 0 |a cloud computing 
610 2 0 |a úspory 
610 2 0 |a úspory finančné 
610 2 0 |a služby 
610 2 0 |a inovácia 
610 2 0 |a technológie informačné 
610 2 0 |a systém bankový neformálny 
100 1 |a Potisková, Ingrid